V dôsledku oživenia ekonomiky vzrastá počet firemných úverov

Úvery pre nefinančné podniky začali po viacročnom prepade rásť. Rast úverov je najmä v odvetví energetiky, dopravy, nehnuteľností, poľnohospodárstva a stavebníctva. Oživenie je v dôsledku rastu investícií a spotreby. Priemerná úroková sadzba z úverov pre nefinančné podniky v priebehu štyroch posledn...

Descrizione completa

Salvato in:
Dettagli Bibliografici
Autore principale: Jánošová, Veronika, 1953-
Natura: Capitolo di libro
Lingua:slovacco
Soggetti:
Tags: Aggiungi Tag
Nessun Tag, puoi essere il primo ad aggiungerne!!

MARC

LEADER 00000nla a2200000 4500
001 0195430
005 20240502073257.9
041 0 |a slo 
044 |a SK 
245 1 0 |a V dôsledku oživenia ekonomiky vzrastá počet firemných úverov  |c Veronika Jánošová 
520 |a Úvery pre nefinančné podniky začali po viacročnom prepade rásť. Rast úverov je najmä v odvetví energetiky, dopravy, nehnuteľností, poľnohospodárstva a stavebníctva. Oživenie je v dôsledku rastu investícií a spotreby. Priemerná úroková sadzba z úverov pre nefinančné podniky v priebehu štyroch posledných rokov klesla o 4 percentá. Banky pri poskytovaní úverov sú obozretnejšie a od podnikov vyžadujú spoluúčasť pri financovaní dlhodobých investícií. Výraznejšiemu uvoľneniu úverových podmienok bráni vysoký podiel nesplácaných úverov z minulosti. 
610 2 0 |a hospodárstvo národné 
610 2 0 |a oživenie 
610 2 0 |a organizácie nefinančné 
610 2 0 |a úver 
610 2 0 |a miera úroková 
100 1 |a Jánošová, Veronika, 1953-